000 00289nam a22001337a 4500
008 181022b xxu||||| |||| 00| 0 eng d
020 _a0312889380
041 _aeng
080 _a371
100 _a46
101 _aEDU
245 _aWord Watcher's Handbook
_cMartin, P
942 _2udc
_cBK
999 _c50552
_d50552